Los intereses británicos en Costa Rica hacia 1857 /
Saved in:
| Main Author: | |
|---|---|
| Format: | Text |
| Tags: |
Add Tag
No Tags, Be the first to tag this record!
|
MARC
| LEADER | 00000 a a2200000 04500 | ||
|---|---|---|---|
| 001 | 7996 | ||
| 003 | |||
| 040 | |||
| 100 | |a Schoonover, Thomas | ||
| 245 | |a Los intereses británicos en Costa Rica hacia 1857 / |c Thomas Schoonover | ||
| 773 | |g número 6; páginas 252-254 | ||
| 999 | |c 23221 |d 23221 | ||
